Daňová komunikácia - praktické a nadčasovo platné rady

Nosné miľníky a inšpirácie ako zlepšiť komunikáciu voči správcovi dane.

Guardado en:
Detalles Bibliográficos
Autor principal: Burák, Emil
Formato: Capítulo de libro
Lenguaje:eslovaco
Materias:
Etiquetas: Agregar Etiqueta
Sin Etiquetas, Sea el primero en etiquetar este registro!

MARC

LEADER 00000naa a2200000 4500
001 0174599
005 20231207112109.0
041 0 |a slo 
044 |a SK 
245 1 0 |a Daňová komunikácia - praktické a nadčasovo platné rady  |c Emil Burák 
520 |a Nosné miľníky a inšpirácie ako zlepšiť komunikáciu voči správcovi dane. 
610 2 0 |a správa daňová 
610 2 0 |a riziko finančné 
610 2 0 |a komunikácia 
100 1 |a Burák, Emil